Statistics for Which is heavier?

Click here to take the quiz!

General Stats

  • This quiz has been taken 42 times
  • The average score is 6 of 10

Answer Stats

QuestionAnswer% Correct
(a) Silver, (b) Gold [Assume same volume]
82%
(a) Mars, (b) Earth
74%
(a) 1m3 Solid water (Ice), (b) 1m3 Liquid Water
74%
(a) $1 coin (US), (b) £1 coins (UK)
71%
(a) Eiffel Tower, (b) Statue of Liberty (including concrete foundation)
68%
(a) Xbox One console, (b) PS4 console
55%
(a) Tokyo 2020 Olympic Gold Medal, (b) Rio 2016 Olympic Gold Medal
53%
(a) iPhone 13 (released 2021), (b) iPhone 8 (released 2017)
53%
(a) Emmy Award Trophy, (b) Oscar Award Trophy
50%
(a) 1 million feathers, (b) XXL bowling ball
34%

Score Distribution

Percentile by Number Answered

Percent of People with Each Score

Your Score History

You have not taken this quiz